000 03116nam a2200277 4500
001 113678
003 DR-UNIBE
005 20250526143403.0
008 250526b2017 xxu||||| |||| 00| 0 eng d
020 _a0998533602
020 _a9780998533605
040 _aBIBLIOTECA UNIBE
_bspa
_cBIBLIOTECA UNIBE
041 _aeng
082 _222
_a617.6 D272c 2017
100 1 _aDawson, Peter E.,
_d1930-2019
_eautor
_9195925
100 1 _aCranham, John
_9195917
_eautor
245 1 4 _aThe complete dentist manual /
_cPeter E. Dawson, John C. Cranham
250 _aPrimera edición
260 _aSt. Petersburg, Florida :
_bWidiom Publishing, LLC.,
_c2017
300 _a370 páginas :
_bilustraciones a color ;
_c28 cm
505 0 _a1. The complete dentist as a masticatory system physician | 2. Wrong thinking about complete dentistry | 3. The complete dentist evaluates teeth differently | 4. Complete dentist measure success with objective criteria | 5. Complete dentist avoid the 10 most common ways to screw up an occlusion | 6. Goal one: get the mouth healthy | 7. The clinical game changer: centric relation | 8. Centric relation: what it is and what it´s not | 9. Complete dentists record centric relation precisely | 10. The articulator | 11. Complete dentists use articulators wisely | 12. Adapted centric posture | 13. The complete dentist evaluates the TMJs on every patient | 14. Treating unstable or uncomfortable TMJs | 15. Complete dentists achieve acclusal harmony | 16. Complete dentists classify conditions | 17. End the guessing game for front teeth | 18. Complete dentists get the anterior guidance right | 19. Complete dentists create beautiful esthetics | | 20. Complete dentists develop optimum treatment plans | 21. Streamlining the treatment planning process: the Dawson diagnostic wizard | 22. Complete dentists use quality controls | 23. Complete dentists diagnose orofacial pain | 24. Complete dentists use vertical dimension wisely | 25. Complete dentists don´t violate the neutral zone | 26. Complete dentists know when the occlusal plane is a problem | 27. Complete dentists stay current on diagnostic modalities | 28. Dental imaging in transition | 29. Complete dentists use imaging wisely | 30. A restorative dentist looks at orthodontics | 31. Orthodontics for complete dentistry | 32. GP and orthodontist collaboration | 33. Complete dentists use removable partial dentures wisely | 34. Dental implants in the Dawson philosophy | 35. The complete dentist´s expanded role | 36. Complete dentists are gatekeepers for general health | 37. The Complete dentists develops a coordinated interdisciplinary team | 38. Complete dentists see new patients differently | 39. Complete dentists attract and keep new patients | 40. Put your patients second | 41. Transitioning the legacy practice | 42. Making sense of the literature | 43. Resources for complete dentists
650 7 _2lemb
_aOdontología
_xLibros de texto
_9195931
650 7 _2lemb
_aOdontología
_vManuales
_9195932
700 1 _aDaxon, Kim
_eprologuista
_9195919
942 _2ddc
_cBK-RES
999 _c113678
_d113678